000 00651nam a22002057a 4500
005 20251108165857.0
008 250721s1992 xx 000 0 ara d
082 1 4 _aط/915.63/محم
100 1 _aالسعداوي، محمد حمزة
245 1 0 _aكربلاء و سامراء /
264 1 _aبيروت :
_bدار الكتاب اللبناني،
_c1992.
300 _a15ص
490 0 _aرحلات عصفور و عصفورة في كربلاء الدنيا ؛ 4
650 1 7 _aالعراق
650 1 7 _aالرحلات و السفر
650 1 7 _aالأسفار
650 1 7 _aالمدن العربية
942 _2ddc
_cBK
999 _c33672
_d33672